000 00803nam a2200229 a 4500
001 57052
005 20180714053113.0
008 140415s2001 xxua r 000 0 spa d
020 _a0-226-06858-7
041 _aspa
082 0 _a215.0941
_bBOW
100 1 _aBowler, Peter J.
_eautor
245 1 0 _aReconciling science and religion :
_btne debate in early-twentieth-century britain /
_cPeter J. Bowler.
250 _a1a ed.
264 _aEstados Unidos de América :
_bThe university of Chigaco press,
_c2000
300 _axiii, 479 páginas ;
_c23 cm.
336 _atexto
_2rdacontent
337 _asin mediación
_2rdamedia
338 _avolumen
_2rdacarrier
490 0 _aScience and its conceptual foundations
650 0 _aReligion y ciencia
_zGran Bretaña
_xSiglo XX
_xHistoria
999 _c57052
_d57052